000 00576nam a2200181 i 4500
001 71195
003 ES-MaACL
005 20251210143311.0
007 t|
008 040806s1904 fr ||||1| fre d
100 1 _aGauthiez, Pierre.
_956044
245 1 2 _aL'Italie du XVIe. siecle
_b: Lorenzaccio : (Lorenzino de Médicis) : 1514-1548 /
_cpar Pierre Gauthiez.
260 _aParis :
_b[s.n.,
_c1904] (
_fJ. Dumoulin)
300 _a176 p., 8 lám. ;
_c23 cm.
600 1 7 _aMedici, Lorenzino de,
_d1514-1548
_2
_9154709
852 _aES-MaACL
_jA-3524
999 _c71195
_d71195